What I’m Made Of… Lyrics (Sonic Heroes) - Statistics

General Stats
  • This quiz has been taken 22 times
  • The average score is 188 of 317
Answer Stats
Answer % Correct
I
89%
me
89%
me)
89%
what
89%
can
78%
the
78%
you
78%
You
78%
(You
78%
a
67%
A
67%
as
67%
(as
67%
care
67%
‘Cause
67%
don’t
67%
enough
67%
feelin’
67%
free
67%
free)
67%
hands
67%
have
67%
in
67%
In
67%
(in
67%
is
67%
Is
67%
(Is
67%
it
67%
made
67%
my
67%
of
67%
of!
67%
of!)
67%
resist
67%
set
67%
(set
67%
thinkin’
67%
time
67%
to
67%
turn
67%
two
67%
you’re
67%
curiosity,
56%
fight
56%
I’m
56%
no
56%
on
56%
show
56%
take
56%
Try
56%
try
56%
all
44%
am
44%
and
44%
And
44%
behind
44%
But
44%
by
44%
for
44%
for…
44%
for)
44%
from
44%
Heeeeeeeeeeeey!
44%
here
44%
(here
44%
Hey!
44%
inside
44%
just
44%
Let
44%
(Let
44%
looking
44%
now!
44%
now…
44%
one
44%
One
44%
one,
44%
reach
44%
say,
44%
say
44%
say),
44%
Simple
44%
who
44%
Yeaaah!
44%
another
33%
become
33%
bite
33%
black
33%
energy
33%
face
33%
faces,
33%
fall
33%
fall)
33%
floor
33%
it’s
33%
lifelong
33%
Like
33%
mark
33%
million
33%
more
33%
much
33%
number
33%
reason,
33%
sneak
33%
them
33%
they
33%
too
33%
up
33%
when
33%
drain
22%
I’ve
22%
recognized
22%
store
22%
store)
22%
they’ve
22%
No matching quizzes found
Score Distribution
Percent of People with Each Score
Percentile by Number Answered
Your Score History
You have not taken this quiz